000 00418nam a2200133Ia 4500
008 100328s9999 xx 000 0 und d
082 _b37210
100 _aपाटेकर श्रीकांत
245 _aमौत का फंदा
260 _bडायमंड पॉकेट बुक्स
630 _aमौत का फंदा
730 _aमौत का फंदा
942 _cBOOK
999 _c526688
_d526685